000 00533nam a22001697a 4500
999 _c8937
_d8937
008 210305b ||||| |||| 00| 0 eng d
040 _aBMS College of Architecture
100 _aK, Tejaswi, Lakshmi
245 _aHandicraft and handloom development centre
300 _a36p.
500 _a1BM08AT020
502 _8B.Arch
_NBMS College of Architecture, Visvesvaraya Technological University (VTU)
_aProject report
_d2013
650 _aHadloom
700 _aVaseem A S
_eGuide
700 _aSathish S Rao
_eGuide
942 _2ddc
_cTHE